000 00748nam a22002057a 4500
999 _c1139
_d1139
003 AR-CdUCM
008 190226b ||||| |||| 00| 0 spa d
040 _aMUNICIPALIDAD PROVINCIAL DEL CUSCO
_cBIBLIOTECA MUNICIPAL DEL CUSCO
082 _a869.5 /
_bAL43
110 _aGrupo Cultural Yuyachkani
_94473
245 _aAllpa Rayku :
_buna experiencia de teatro popular /
260 _aLima :
_bGrupo Cultural Yuyachkani,
_b Centro de Información, Estudios y Documentación,
_c1983.
300 _a133 páginas ;
_bilustraciones, música,
_c20 cm.
500 _aIncluye cancionero y partituras.
650 _aTeatro popular
_94474
650 _aCultura popular Perú
_94475
650 _aTeatro Perú
_94476
942 _2ddc
_cLIBROS
945 _azta